| 000 | 02198 a2200229 4500 | ||
|---|---|---|---|
| 001 | 122 | ||
| 005 | 20260407155412.0 | ||
| 008 | 260407a2004 arg spa d | ||
| 003 | AR-UNSa-BCEJYS | ||
| 040 |
_aAR-UNSa-BCEJYS _bspa _cAR-UNSa-BCEJYS |
||
| 080 |
_a351.72 _xFinanzas públicas. Legislación (Contabilidad Pública, Administración financiera...) |
||
| 245 | 1 | 0 |
_aEstado eficiente _pAdministración financiera gubernamental |
| 020 | _a978-987-1140-16-9 | ||
| 250 | _a1a. ed | ||
| 264 | 1 |
_aBuenos Aires : _bOsmar D. Buyatti _c2004 |
|
| 300 |
_axxxii, 608 p. _c22 cm |
||
| 505 | _a1. Administración financiera gubernamental. Un enfoque integral - 2. Las escuelas de administración y su influencia en el pensamiento gubernamental - 3. Proceso de toma de decisiones - 4. Visión sistémica aplicable en la doctrina de la administración financiera gubernamental - 5. El complejo universo presupuestario - 6. Restricciones y condicionantes de la programación presupuestaria - 7. Un enfoque presupuestario productivo - 8. Clasificadores presupuestarios de gastos - 9. Técnicas de estimación del gasto corriente - 10. Técnicas de estimación de erogaciones de capital - 11. Técnicas de estimación de recursos - 12. Evaluación del gasto y medición de resultados - 13. La formulación del presupuesto - 14. La información contable para toma de decisiones y control - 15. Sistema contable integrador del conjunto de los sistemas de administración financiera - 16. Arquitectura de interrelación de clasificadores - 17. Identificación de los momentos de registros contables - 18. Procedimientos específicos referidos en el proceso de ejecución presupuestaria - 19. Contabilización de recursos públicos - 20. Productos finales de información financiera - 21. Administración de disponibilidades - 22. Estados de información y programación del tesoro - 23. Sistema de crédito público - 24. Sistema de contrataciones - 25. Sistema de administración de bienes | ||
| 942 | _cBK | ||
| 590 | _aniveau_biblio:m niveau_hierar:0 | ||
| 100 | 1 | _aLas Heras, José María | |
| 856 | 4 | 1 |
_uhttps://biblioeco.unsa.edu.ar/pmb/images/libros/Estado eficiente-l116261.jpg _yImagen de portada _qimage/jpeg |
| 999 |
_c93 _d93 |
||